Argentine Goalkeepers - Statistics

General Stats
  • This quiz has been taken 77 times
    3 since last reset
  • The average score is 7 of 39
Answer Stats
Hint Hint % Correct
World Cup 2010 22 Sergio Romero
100%
World Cup 2014 1 Sergio Romero
100%
World Cup 2022 1 Emiliano Martínez
67%
World Cup 2026 23 Emiliano Martínez
67%
World Cup 2018 12 Franco Armani
33%
World Cup 2022 12 Franco Armani
33%
World Cup 1998 12 German Burgos
33%
World Cup 2002 1 German Burgos
33%
World Cup 2022 23 Gerónimo Rulli
33%
World Cup 2026 12 Gerónimo Rulli
33%
World Cup 2010 21 Mariano Andujar
33%
World Cup 2014 21 Mariano Andujar
33%
World Cup 2006 1 Roberto Abbondanzieri
33%
World Cup 2002 23 Roberto Bonano
33%
World Cup 2018 23 Willy Caballero
33%
World Cup 2014 12 Agustin Orion
0%
World Cup 1998 1 Carlos Roa
0%
World Cup 2010 1 Diego Pozo
0%
World Cup 1990 22 Fabian Cancelarich
0%
World Cup 1978 3 Hector Baley
0%
World Cup 1982 2 Hector Baley
0%
World Cup 1986 22 Hector Zelada
0%
World Cup 2026 1 Juan Musso
0%
World Cup 2006 12 Leo Franco
0%
World Cup 1986 15 Luis Islas
0%
World Cup 1994 12 Luis Islas
0%
World Cup 2018 1 Nahuel Guzman
0%
World Cup 1982 16 Nery Pumpido
0%
World Cup 1986 18 Nery Pumpido
0%
World Cup 1990 1 Nery Pumpido
0%
World Cup 1994 22 Norberto Scoponi
0%
World Cup 2006 23 Oscar Ustari
0%
World Cup 1998 17 Pablo Cavallero
0%
World Cup 2002 12 Pablo Cavallero
0%
World Cup 1978 13 Ricardo La Volpe
0%
World Cup 1990 12 Sergio Goycochea
0%
World Cup 1994 1 Sergio Goycochea
0%
World Cup 1978 5 Ubaldo Fillol
0%
World Cup 1982 7 Ubaldo Fillol
0%
No matching quizzes found
Score Distribution
Percent of People with Each Score
Percentile by Number Answered
Your Score History
You have not taken this quiz since the last reset